000 00301nam a2200121Ia 4500
008 220901s9999||||xx |||||||||||||| ||und||
082 _a670 ASA
100 _aASAPP
245 0 _aIndustrial product finder Annual 2016
250 _aVol. 44
260 _bASAPP
_c2016
650 _aProduction Technology
999 _c193815
_d193815